000
00294nam a2200133Ia 4500
100
_a
Tondo C.L & gimpel S.E
942
_c
BK
654
_a
C
245
_a
The ''''C'''' Answer book
260
_b
Prentice Hall
_a
New Delhi
_c
1994
082
_a
005.13 'C'
546
_a
ENGLISH
999
_c
23430
_d
23430